YOU CAN HEAL YOUR LIFE (Record no. 11898)

MARC details
000 -LEADER
fixed length control field 00339nam a2200133Ia 4500
008 - FIXED-LENGTH DATA ELEMENTS--GENERAL INFORMATION
fixed length control field 240624s9999 xx 000 0 und d
041 ## - LANGUAGE CODE
Language code of text/sound track or separate title eng
082 ## - DEWEY DECIMAL CLASSIFICATION NUMBER
Classification number 158.21 HAY
100 ## - MAIN ENTRY--PERSONAL NAME
Personal name HAY LOUISE L
245 ## - TITLE STATEMENT
Title YOU CAN HEAL YOUR LIFE
260 ## - PUBLICATION, DISTRIBUTION, ETC.
Date of publication, distribution, etc. 2008
Place of publication, distribution, etc. Australia
Name of publisher, distributor, etc. Hay House India
300 ## - PHYSICAL DESCRIPTION
Extent xiii, : 253 : p. : cm. ; 22
365 ## - TRADE PRICE
Currency code RS
Price amount 20
Holdings
Withdrawn status Lost status Damaged status Not for loan Home library Current library Shelving location Date acquired Source of acquisition Cost, normal purchase price Total Checkouts Total Holds Full call number Barcode Date last seen Date last checked out Copy number Price effective from Koha item type
        IMTN IMTN Rack 1-B 12/08/2008 WBD 295.00 4 592 158.21 HAY 11898 01/16/2026 01/07/2026 1 06/24/2024 Books
Designed & Maintained by: LRC IMT Nagpur Contact: lrc@imtnag.ac.in© 2024. All Rights Reserved.